মাহে-নও : (Record no. 48536)
[ view plain ]
| 000 -LEADER | |
|---|---|
| fixed length control field | 00827nam a2200229 a 4500 |
| 001 - CONTROL NUMBER | |
| control field | 48536 |
| 003 - CONTROL NUMBER IDENTIFIER | |
| rucl marc code | BD-RjUL |
| 005 - DATE AND TIME OF LATEST TRANSACTION | |
| control field | 20211209054536.0 |
| 008 - FIXED-LENGTH DATA ELEMENTS--GENERAL INFORMATION | |
| fixed length control field | 160814s1952 bg ||||| |||| 00| e ben d |
| 020 ## - INTERNATIONAL STANDARD BOOK NUMBER | |
| Terms of availability | : Tk 7.00 |
| 035 ## - SYSTEM CONTROL NUMBER | |
| System control number | (BD-RjUL) 48655 |
| 040 ## - CATALOGING SOURCE | |
| Original cataloging agency | BD-RjUL |
| Language of cataloging | ben |
| Transcribing agency | BD-RjUL |
| 041 ## - LANGUAGE CODE | |
| Language code of text/sound track or separate title | ben |
| 082 ## - DEWEY DECIMAL CLASSIFICATION NUMBER | |
| Edition number | 23 |
| Classification number | 891.4408 |
| Author mark and year | MAH 1952 |
| 245 00 - TITLE STATEMENT | |
| Title | মাহে-নও : |
| Remainder of title | সঙ্কলন / |
| Statement of responsibility, etc. | সম্পাদক, আব্দুল কাদির |
| 260 ## - PUBLICATION, DISTRIBUTION, ETC. (IMPRINT) | |
| Place of publication, distribution, etc. | ঢাকা : |
| Name of publisher, distributor, etc. | পাকিস্তান পাবলিকেশনস, |
| Date of publication, distribution, etc. | ১৯৫২ |
| 300 ## - PHYSICAL DESCRIPTION | |
| Pagination | ৫৫২ পৃ. ; |
| Size | ১৯ সেমি. |
| 650 ## - SUBJECT ADDED ENTRY--TOPICAL TERM | |
| Topical term or geographic name as entry element | বাংলা সাহিত্য |
| 9 (RLIN) | 146700 |
| Topical term or geographic name as entry element | Collected essays |
| 9 (RLIN) | 119543 |
| 700 ## - ADDED ENTRY--PERSONAL NAME | |
| Personal name | কাদির, আব্দুল, সম্পাদক |
| 942 ## - ADDED ENTRY ELEMENTS (KOHA) | |
| Source of classification or shelving scheme | Dewey Decimal Classification |
| Koha item type | Books |
| Lost status | Source of classification or shelving scheme | Damaged status | Not for loan | Collection code | Permanent Location | Current Location | Shelving location | Date acquired | Source of acquisition | Cost, normal purchase price | Total Checkouts | Full call number | Date last seen | Copy number | Koha item type |
|---|---|---|---|---|---|---|---|---|---|---|---|---|---|---|---|
| Dewey Decimal Classification | Non-fiction | Central Library, University of Rajshahi | Central Library, University of Rajshahi | 21/12/1957 | Nowrose, Dhaka | 5.00 | B 891.4408 MAH 1952 | 14/08/2016 | C-2 | Books | |||||
| Dewey Decimal Classification | Not For Loan | Non-fiction | Central Library, University of Rajshahi | Central Library, University of Rajshahi | Reading Room | 26/07/1957 | Nowrjkittan | 4.00 | B 891.4408 MAH 1952 | 06/04/2017 | C-1 | Books |